000
00240nam a2200109 a 4500
008
101210s1979|||| d
245
1
0
_a
Tri muzikály
260
_b
Smena
_a
Bratislava
_c
1979
020
_c
10
044
_a
xo
_c
SK
041
_a
slo
999
_c
15087
_d
15087